| 000 | 00788 a2200229 4500 | ||
|---|---|---|---|
| 005 | 20251114142753.0 | ||
| 008 | 251114b |||||||| |||| 00| 0 eng d | ||
| 020 | _a9780755643486 (pbk) | ||
| 037 | _cTB | ||
| 040 |
_aAL _cAL |
||
| 041 |
_2eng _aeng |
||
| 084 |
_aV63:17 R2 _qAL |
||
| 245 |
_aState, society and Islam in the Western regions of the Sahara: _bregional interaction and social change |
||
| 260 |
_aLondon, UK: _bI. B. Tauris, _c2024. |
||
| 300 | _axv, 355p. | ||
| 365 |
_b28.99 _cUKP |
||
| 650 |
_aHistory _9851460 |
||
| 650 |
_aAfrican History _9851461 |
||
| 650 |
_aColonialism _9851462 |
||
| 942 |
_cTB _2CC _n0 _hV63:17 R2 |
||
| 999 |
_c1464266 _d1464266 |
||